000
00253nam a22001097a 4500
082
_a
520 BAK'A
100
_a
BAKER, R. M. L
_9
74774
245
_a
ASTRODYNAMICS APPICATIONS AND ADVANCED TOPICS
260
_a
USA
_b
AP
_c
1967
300
_a
540P
942
_c
BK
999
_c
580274
_d
580274